Las metáforas del racismo: apuntes sobre el positivismo boliviano /
Guardado en:
| Hovedforfatter: | |
|---|---|
| Format: | Texto |
| Tags: |
Tilføj Tag
Ingen Tags, Vær først til at tagge denne postø!
|
MARC
| LEADER | 00000 a a2200000 04500 | ||
|---|---|---|---|
| 001 | 42715 | ||
| 003 | |||
| 040 | |||
| 100 | |a Herrera Zúñiga, Roberto | ||
| 245 | |a Las metáforas del racismo: |b apuntes sobre el positivismo boliviano / |c Roberto Herrera Zúñiga | ||
| 773 | |g volumen4, número1 ( , 2009), 14 páginas | ||
| 999 | |c 26617 |d 26617 | ||
